000 00392pam a2200157a 44500
008 230515b1990 xxu||||| |||| 00| 0 eng d
020 _aNULL
041 _aENG
082 _a610.7362
100 _aSandra R Mott Susan R James
245 _aNursing care of children and families
250 _a2nd
260 _aNULL
_b"Addison Wesley, nd, "
_c1990
300 _a1939 i 59
650 _aN.D.
999 _c523906
_d523906